Inteligência emocional (Registo nº 9293)

Detalhes MARC
000 -Etiqueta do registo
Valores 00484nam a22001691i 4500
090 ## -
-- 9293
100 ## - Dados gerais de processamento
Dados gerais 20170304u u u0frey50 ba
101 0# - Língua de publicação
-- por
200 1# - Titulo e menção de responsabilidade
Primeira menção de responsabilidade Daniel Goleman
Título próprio Inteligência emocional
215 ## - Descrição física 
Paginação / Volumes 419 p.
Dimensões 22 cm
210 ## - Publicação
Nome do editor Sábado
Data de publicação D.L. 2006
225 2# - Colecção 
Título próprio da colecção O melhor de si
410 #0 -
-- O melhor de si
700 #1 - Autor principal (pessoa individual)
Apelido Goleman
Nome Daniel
-- 070
Datas 1946-
996 ## - ISO2709
-- 0012837
-- GOL
-- 00000000
-- 00000000
-- BMVAAG
-- 4
-- Aguiar
-- Psicologia
-- 25
-- Livro
-- 0
-- 1
990 ## - Elementos KOHA
Tipo de documento Livro
Exemplares
Situação do levantamento Estado Biblioteca de origem Biblioteca de empréstimo Código de barras Cota Permissão de empréstimo Tipo de documento
  Completo Biblioteca Municipal de Viana Do Alentejo Biblioteca Municipal de Viana Do Alentejo Pólo Aguiar 0016472 159.9 GOL Disponível Livro




Powered by Koha